000 00637cam a2200253 4500
001 J3025
008 090401t1995 xxu||||| |||| 00| 0 eng d
035 _a(Sirsi) u52575
041 _aeng
050 _a333.335
110 _aMinistry of Agriculture Fisheries and Food
245 _aFarm rents in England: results of 1994 annual rent enquiry.
260 _aLondon
_bMAFF
_c1995
300 _a35p. : ill.,maps ; 30cm.
350 _a11
490 _aSTATS
_v47/95
650 _aFARM LAND
650 _aFARM RENTS
650 _aRENT
650 _aSTATISTICS
690 _aRURAL PRACTICE
942 _n0
948 _c04/03/1997
999 _c93108
_d93108